Stolice Europy 15 pytań - Statystyki

Ogólne statystyki
  • Ten quiz został rozwiązany 47 razy
  • Średni wynik to 14 z 15
Statystyki odpowiedzi
Zagadnienie Odpowiedź % Poprawnych
Niemcy Berlin
100%
Słowacja Bratysława
100%
Finlandia Helsinki
100%
Hiszpania Madryt
100%
Czechy Praga
100%
Włochy Rzym
100%
Szwecja Sztokholm
100%
Estonia Tallin
100%
Polska Warszawa
100%
Grecja Ateny
95%
Portugalia Lizbona
95%
Norwegia Oslo
95%
Łotwa Ryga
84%
Albania Tirana
79%
Macedonia Skopje
74%
Nie znaleziono quizów pasujących do podanych kryteriów
Rozkład punktacji
Procent ludzi z każdym wynikiem
Percentyl według liczby udzielonych odpowiedzi
Twoja historia wyników
Nie rozwiązałeś tego quizu